Engineering Graphics II (Record no. 318633)

MARC details
000 -LEADER
fixed length control field 00429nam a2200169Ia 4500
008 - FIXED-LENGTH DATA ELEMENTS--GENERAL INFORMATION
fixed length control field 230718s9999 xx 000 0 und d
041 ## - LANGUAGE CODE
Language code of text/sound track or separate title eng
082 ## - DEWEY DECIMAL CLASSIFICATION NUMBER
Classification number 604.20
Item number KUM
100 ## - MAIN ENTRY--PERSONAL NAME
Personal name Kumar A.
9 (RLIN) 111386
245 ## - TITLE STATEMENT
Title Engineering Graphics II
250 ## - EDITION STATEMENT
Edition statement 3 rd Ed.
260 ## - PUBLICATION, DISTRIBUTION, ETC. (IMPRINT)
Date of publication, distribution, etc. 2005
Name of publisher, distributor, etc. Tech Max Publications
300 ## - PHYSICAL DESCRIPTION
Extent 660
365 ## - TRADE PRICE
Currency code Rs.
Price amount 565.00
700 ## - ADDED ENTRY--PERSONAL NAME
Personal name Kumar A.
9 (RLIN) 111386
906 ## - LOCAL DATA ELEMENT F, LDF (RLIN)
d B:26104-Apr-2008
c ALLEDS
b 84.75
Holdings
Withdrawn status Lost status Damaged status Not for loan Home library Current library Date acquired Vendor Budget Code Cost, normal purchase price Bill number Full call number Barcode Date last seen Discount Cost, replacement price Bill Date Koha item type Original Barcode
Withdrawn       Cummins College of Engineering for Women Pune Cummins College of Engineering for Women Pune 09/04/2008 Om Book Stall ALLEDS 480.25 261 604.20 CCEP-BK-29840 18/07/2023 84.75 565.00 04/04/2008 Books 029840